Prime Ministers of Saint Lucia by Picture - Statistics

General Stats
  • This quiz has been taken 9 times
  • The average score is 8 of 10
Answer Stats
Picture Hint Answer % Correct
1964-1979 | 1982-1996 | 2006-2007 John Compton
88%
1997-2006 | 2011-2016 Kenny Anthony
88%
2021-Present Philip J. Pierre
88%
2007-2011 Stephenson King
88%
1979-1981 Allan Louisy
75%
1996-1997 Vaughan Lewis
75%
2016-2021 Allen Chastanet
63%
1960-1964 George Charles
63%
1982 Michael Pilgrim
63%
1981-1982 Winston Cenac
63%
No matching quizzes found
Score Distribution
Percent of People with Each Score
Percentile by Number Answered
Your Score History
You have not taken this quiz